Multicultural public administration: Effects of language diversity and dissimilarity on public employees' attachment to employment (Record no. 117036)

000 -LEADER
fixed length control field 01627pab a2200169 454500
008 - FIXED-LENGTH DATA ELEMENTS--GENERAL INFORMATION
fixed length control field 180718b2018 xxu||||| |||| 00| 0 eng d
100 ## - MAIN ENTRY--PERSONAL NAME
Personal name Ritz, Adrian
245 ## - TITLE STATEMENT
Title Multicultural public administration: Effects of language diversity and dissimilarity on public employees' attachment to employment
260 ## - PUBLICATION, DISTRIBUTION, ETC.
Date of publication, distribution, etc. 2018
300 ## - PHYSICAL DESCRIPTION
Extent p.84-103.
520 ## - SUMMARY, ETC.
Summary, etc. A major part of research in public administration focuses on the impact of ethnic diversity on outcomes such as performance and turnover, and on the management of diversity with regard to different employee groups. Recent research, however, shows the relevance of relational demography in the context of employee inclusion in public organizations. So far, most studies have been based on ethnic differences in countries that can be described as mononational and monolinguistic. The current study advances this stream of research by investigating how diversity and dissimilarity measures affect public employees' attachment to employment in a multicultural public administration in Switzerland. Evidence from a hierarchical multilevel analysis revealed that language diversity and the support for diversity from supervisors affected individuals' attachment. However, our findings on individuals' language dissimilarity related to the inclusion of minorities did not support the assumed crowding-out effect between diversity and dissimilarity. Implications and avenues for future research are discussed. - Reproduced.
650 ## - SUBJECT ADDED ENTRY--TOPICAL TERM
Topical term or geographic name entry element Multiculturalism
650 ## - SUBJECT ADDED ENTRY--TOPICAL TERM
Topical term or geographic name entry element Public administration
700 ## - ADDED ENTRY--PERSONAL NAME
Personal name Alfes, Kerstin
773 ## - HOST ITEM ENTRY
Main entry heading Public Administration
909 ## -
-- 117042
Holdings
Withdrawn status Lost status Damaged status Not for loan Permanent Location Current Location Date acquired Serial Enumeration / chronology Barcode Date last seen Price effective from Koha item type
        Indian Institute of Public Administration Indian Institute of Public Administration 2018-07-19 Volume no: 96, Issue no: 1 AR117502 2018-07-19 2018-07-19 Articles

Powered by Koha